000 00587nam a2200205 4500
001 113429
003 ES-MaACL
007 t|
008 061121s1978 sp r ||||1| spa d
100 1 _aNizan, Paul.
_985788
245 1 3 _aLa conspiración /
_cPaul Nizan ; traducción de Josep R. Macau.
250 _a1ª. ed.
260 _aBarcelona :
_bIcaria,
_c1978.
300 _a231 p. ;
_c21 cm.
490 1 _aIcaria literaria ;
_v1
700 1 _aMacau, Josep R.
_975059
830 0 _aIcaria literaria ;
_v1
_9178471
852 _aES-MaACL
_jL-6791
_bR.107624
999 _c113429
_d113429